Before and After Movies II Quiz Stats

Quiz Updated Jul 5, 2016

Challenge
Share
Tweet
Score 0/28 Timer 10:00
6 Plays Today
% Correct
Freaky Friday the 13th
91.5%
Star Wars: The Empire Strikes Back to the Future
87.3%
Batman and Robin Hood
80%
There's Something About Mary Poppins
76.7%
Air Force One Flew Over the Cuckoo's Nest
73.6%
The Sixth Sense and Sensibility
69.6%
Chicken Little Nicky
69.6%
Knocked Up in the Air
67.6%
Big Daddy Day Care
61.2%
American Wedding Crashers
56.3%
Rain Man on Fire
54.4%
Harry Potter and the Half Blood Prince of Persia: The Sands of Time
48.1%
Sleepy Hollow Man
47.2%
The Great Escape from New York
46.9%
% Correct
Be Cool Runnings
40.2%
The Blair Witch Project X
38.7%
Land of the Lost Boys
36.9%
The Lord of the Rings: The Return of the King Arthur
36.8%
In the Name of the Father of the Bride
34.8%
Fast Times at Ridgemont High Fidelity
34%
The Hobbit: An Unexpected Journey to the Center of the Earth
33.9%
Gone Baby Gone Girl
26.8%
Big Momma's House of Flying Daggers
25%
Shrek Forever After Earth
23.8%
The Magnificent Seven Psychopaths
22.7%
American Gangster Squad
22.7%
Moonrise Kingdom of Heaven
18.6%
Run All Night at the Museum
16.4%

You're not logged in!

Compare scores with friends on all Sporcle quizzes.
Sign Up with Email
OR
Log In

You Might Also Like...

Show Comments

Extras

Top Quizzes Today


Score Distribution

Your Account Isn't Verified!

In order to create a playlist on Sporcle, you need to verify the email address you used during registration. Go to your Sporcle Settings to finish the process.